Catálogo público

Consideraciones para legislar en materia de consulta indígena : (Record no. 106772)

MARC details
000 -CABECERA
campo de control de longitud fija 01169nam a2200325 a 4500
001 - NÚMERO DE CONTROL
campo de control 000110310
003 - IDENTIFICADOR DEL NÚMERO DE CONTROL
campo de control CHAP
005 - FECHA Y HORA DE LA ÚLTIMA TRANSACCIÓN
campo de control 20220329144126.0
008 - DATOS DE LONGITUD FIJA--INFORMACIÓN GENERAL
campo de control de longitud fija 140813s2006 mx a |r| |||||||spa d
010 ## - NÚMERO DE CONTROL DE LA BIBLIOTECA DEL CONGRESO
Número de control de LC 106772
011 ## - ENLACE DEL NUMERO DE CONTROL DE LA BIBLIOTECA DEL CONGRESO [OBSOLETO]
Número de control de LC 107744
020 ## - NÚMERO INTERNACIONAL ESTÁNDAR DEL LIBRO
Número Internacional Estándar del Libro 9707530650
040 ## - FUENTE DE LA CATALOGACIÓN
Centro/agencia transcriptor CHAP
082 04 - NÚMERO DE LA CLASIFICACIÓN DECIMAL DEWEY
Número de clasificación 328.272
Número de documento/Ítem C75
245 00 - MENCIÓN DE TÍTULO
Título Consideraciones para legislar en materia de consulta indígena :
Resto del título memoria de un seminario /
Mención de responsabilidad, etc. por Comisión Nacional para el Desarrollo de los Pueblos Indigenas.
260 ## - PUBLICACIÓN, DISTRIBUCIÓN, ETC.
Lugar de publicación, distribución, etc. México :
Nombre del editor, distribuidor, etc. Comisión Nacional para el Desarrollo de los Pueblos Indigenas,
Fecha de publicación, distribución, etc. 2006.
300 ## - DESCRIPCIÓN FÍSICA
Extensión 303 p. :
Otras características físicas il.
590 ## - NOTA LOCAL (RLIN)
Nota local E6096MTM
Procedencia (VM) [OBSOLETO] 05
Condición del los carretes individuales (VM) [OBSOLETO] 20140813
-- UCH01
-- 1434
590 ## - NOTA LOCAL (RLIN)
Nota local E6096MTM
Procedencia (VM) [OBSOLETO] 05
Condición del los carretes individuales (VM) [OBSOLETO] 20140813
-- UCH01
-- 1434
590 ## - NOTA LOCAL (RLIN)
Nota local E6096MTM
Procedencia (VM) [OBSOLETO] 05
Condición del los carretes individuales (VM) [OBSOLETO] 20140813
-- UCH01
-- 1434
590 ## - NOTA LOCAL (RLIN)
Nota local E6096MTM
Procedencia (VM) [OBSOLETO] 05
Condición del los carretes individuales (VM) [OBSOLETO] 20140813
-- UCH01
-- 1435
650 14 - PUNTO DE ACCESO ADICIONAL DE MATERIA--TÉRMINO DE MATERIA
Término de materia o nombre geográfico como elemento de entrada Conferencias y reuniones.
9 (RLIN) 26637
650 14 - PUNTO DE ACCESO ADICIONAL DE MATERIA--TÉRMINO DE MATERIA
Término de materia o nombre geográfico como elemento de entrada Indios de México
Subdivisión general Leyes.
9 (RLIN) 57632
650 14 - PUNTO DE ACCESO ADICIONAL DE MATERIA--TÉRMINO DE MATERIA
Término de materia o nombre geográfico como elemento de entrada Justicia
Subdivisión general Administración
Subdivisión geográfica México.
9 (RLIN) 62546
650 14 - PUNTO DE ACCESO ADICIONAL DE MATERIA--TÉRMINO DE MATERIA
Término de materia o nombre geográfico como elemento de entrada Legislación administrativa.
9 (RLIN) 65652
710 0# - PUNTO DE ACCESO ADICIONAL--NOMBRE DE ENTIDAD CORPORATIVA
Nombre de entidad corporativa o nombre de jurisdicción como elemento de entrada Comisión Nacional para el Desarrollo de los Pueblos Indígenas
9 (RLIN) 25822
901 ## - ELEMENTOS DE DATOS A LOCAL LDA (RLIN)
a BK
942 ## - ELEMENTOS DE PUNTO DE ACCESO ADICIONAL (KOHA)
Tipo de ítem Koha Libro
942 ## - ELEMENTOS DE PUNTO DE ACCESO ADICIONAL (KOHA)
Suprimir en OPAC 0
Holdings
Estado de retiro Estado de pérdida Fuente del sistema de clasificación o colocación Estado dañado Restricciones de uso No para préstamo Código de colección Localización permanente Ubicación/localización actual Ubicación en estantería Fecha de adquisición Información codificada de la localización en otra ubicación Total de préstamos Signatura topográfica completa Código de barras Fecha visto por última vez Precio válido a partir de Tipo de ítem Koha Número de copia
    Dewey Decimal Classification   Préstamo 15 días   General Biblioteca Central Biblioteca Central Planta alta - Colección General 13/08/2014 LIBRO   328.272 C75 33724002412462 31/12/2019 31/12/2019 Libro  
    Dewey Decimal Classification   Préstamo 15 días   General Biblioteca Central Biblioteca Central Planta alta - Colección General 13/08/2014 LIBRO   328.272 C75 33724002412504 31/12/2019 31/12/2019 Libro c.2